Curso de periodismo / (Registro nro. 14252)

Detalles MARC
000 -LEADER
fixed length control field 01227nam a2200277 a 4500
001 - CONTROL NUMBER
control field 000030908
003 - CONTROL NUMBER IDENTIFIER
control field DO-SdBNP
005 - DATE AND TIME OF LATEST TRANSACTION
control field 20220909081756.0
008 - FIXED-LENGTH DATA ELEMENTS--GENERAL INFORMATION
fixed length control field 081209s2001 dr 001 0 spa d
020 ## - INTERNATIONAL STANDARD BOOK NUMBER
International Standard Book Number 999342921X
040 ## - CATALOGING SOURCE
Original cataloging agency DO-SdBNP
Language of cataloging spa
Transcribing agency BPMSU
082 ## - DEWEY DECIMAL CLASSIFICATION NUMBER
Classification number 070.4
Item number C697c, 2001
Edition number 22
100 1# - MAIN ENTRY--PERSONAL NAME
Personal name Collado, Lipe,
Dates associated with a name 1947-
245 10 - TITLE STATEMENT
Title Curso de periodismo /
Statement of responsibility, etc. Lipe Collado.
250 ## - EDITION STATEMENT
Edition statement 6ª ed.
260 ## - PUBLICATION, DISTRIBUTION, ETC. (IMPRINT)
Place of publication, distribution, etc. Santo Domingo :
Name of publisher, distributor, etc. Collado,
Date of publication, distribution, etc. 2001.
300 ## - PHYSICAL DESCRIPTION
Extent 212 p. :
Other physical details il. ;
Dimensions 22 cm.
504 ## - BIBLIOGRAPHY, ETC. NOTE
Bibliography, etc Bibliografía: p. 211-212
505 0# - FORMATTED CONTENTS NOTE
Miscellaneous information Introducción --
Title Antes de comenzar --
-- La noticia --
-- Técnica de redacción --
-- Características de la noticia --
-- Las fuentes noticiosas --
-- La técnica de la entrevista --
-- Párrafos cortos --
-- La noticia en suspenso --
-- Periodismo de profundidad --
-- Noticia social --
-- Noticia deportiva --
-- Fotoperiodismo --
-- Corrector de estilo --
-- Recomendaciones de estilo --
-- El artículo --
-- La noticia curiosa y jocosa --
-- Punto final: recomendaciones al cierre.
590 ## - LOCAL NOTE (RLIN)
Local note Inventariado,2022/VM
650 #4 - SUBJECT ADDED ENTRY--TOPICAL TERM
Topical term or geographic name as entry element Periodismo
General subdivision Enseñanza.
650 #4 - SUBJECT ADDED ENTRY--TOPICAL TERM
Topical term or geographic name as entry element Comunicación oral.
650 #4 - SUBJECT ADDED ENTRY--TOPICAL TERM
Topical term or geographic name as entry element Periodismo
General subdivision Enseñanza superior.
910 ## - USER-OPTION DATA (OCLC)
User-option data VMateo V. /Validado
942 ## - ADDED ENTRY ELEMENTS (KOHA)
Source of classification or shelving scheme Dewey Decimal Classification
Koha item type Libros
Existencias
Withdrawn status Lost status Source of classification or shelving scheme Damaged status Not for loan Collection code Home library Current library Date acquired Total Checkouts Full call number Barcode Date last seen Price effective from Koha item type Copy number
    Dewey Decimal Classification     Colección Dominicana Biblioteca Pública Metropolitana Salomé Ureña Biblioteca Pública Metropolitana Salomé Ureña 09/09/2022   BPMSU CD 070.4 C697c, 2001 BPMSU22090002 09/09/2022 09/09/2022 Libros  
    Dewey Decimal Classification     Colección Dominicana Biblioteca Pública Metropolitana Salomé Ureña Biblioteca Pública Metropolitana Salomé Ureña 09/09/2022   BPMSU CD 070.4 C697c, 2001 BPMSU22090003 09/09/2022 09/09/2022 Libros e.2